Use of EDTA in the treatment of local tissue damage caused by the Bothrops alternatus venom (Registro n. 327858)
[ somente texto ]
| 000 -LÍDER | |
|---|---|
| fixed length control field | 04199nab a2200337 i 4500 |
| 003 - CÓDIGO MARC DA AGÊNCIA CATALOGADORA | |
| Campo de controle | BR-BrBNA |
| 005 - DATA E HORA DA ÚLTIMA ATUALIZAÇÃO | |
| Campo de controle | 20240927134001.0 |
| 008 - CAMPO DE TAMANHO FIXO | |
| fixed length control field | 240927b2018 bl.|r|pooa||| 00| 0 eng | |
| 040 ## - FONTE DA CATALOGAÇÃO | |
| Agência catalogadora | BR-BrBNA |
| Idioma da catalogação | eng |
| 072 ## - CATEGORIA AGRIS | |
| Código AGRIS | L70 |
| Código do objeto | 5600 |
| 100 ## - ENTRADA PRINCIPAL - NOME PESSOAL | |
| Nome pessoal | Silva-Neto, A.V. |
| 100 ## - ENTRADA PRINCIPAL - NOME PESSOAL | |
| Nome pessoal | Santos, W.G. |
| 100 ## - ENTRADA PRINCIPAL - NOME PESSOAL | |
| Nome pessoal | Botelho, A.F.M. |
| 100 ## - ENTRADA PRINCIPAL - NOME PESSOAL | |
| Nome pessoal | Diamantino, G.M.L. |
| 100 ## - ENTRADA PRINCIPAL - NOME PESSOAL | |
| Nome pessoal | Soto-Blanco, B. |
| 100 ## - ENTRADA PRINCIPAL - NOME PESSOAL | |
| Nome pessoal | Melo, M.M. |
| 245 ## - TÍTULO PRINCIPAL | |
| Título principal | Use of EDTA in the treatment of local tissue damage caused by the Bothrops alternatus venom |
| 500 ## - NOTA GERAL | |
| Nota geral | Publicação online; 48 ref.; 4 tables; Summaries (En, Pt) |
| 942 ## - ADDED ENTRY ELEMENTS (KOHA) | |
| Koha item type | Analítica |
| 520 ## - NOTA DE RESUMO | |
| Nota de conteúdo | <br/><br/>ABSTRACT - Twelve adult rabbits were distributed in three groups and received on the femoral biceps region, via intradermal injection (ID), 25µg of Bothrops alternatus venom dissolved in NaCl 0.9% and diluted in 0.25mL of phosphate buffered saline (PBS). Thirty minutes later, the group G1 received 0.25mL of phosphate buffered saline (PBS) ID while to G2 and G3 25mg of ethylenediamine tetraacetic acid (EDTA) dissolved in 0.25mL of PBS were administered via intramuscular (IM) and intravenous (IV) injection, respectively. Evaluations included local lesion and blood profile of all animals, before (time zero) and at 1, 2, 3, 4, 5, 6, 12, 18 and 24h after venom administration. All animal treated with PBS (G1) and EDTA IV (G3) presented increase of nociceptive stimuli at the site of inoculation of the venom, followed by moderate edema that persisted for 24h. Animals treated with IM EDTA (G2) only manifested increase of nociceptive stimuli at the site of injection 1h after treatment with discrete local edema between 12 and 24h. In relation to the local hemorrhagic halo no differences were found amongst the studied groups. Blood profile revealed significant decrease of segmented neutrophils in all groups. There was also increase in triglycerides and decrease in total protein and albumin in all groups. The local lesion was not altered by the treatments.<br/><br/><br/>Keywords: Rhinocerophis alternatus, snake envenomation, myonecrosis, chelating agent |
| 520 ## - NOTA DE RESUMO | |
| Nota de conteúdo | <br/><br/>RESUMO - Doze coelhos adultos, distribuídos em três grupos, receberam, na região de bíceps femoral, por via intradérmica (ID), 25µg de veneno de Bothrops alternatus, dissolvidos em NaCl 09%, diluído em 0,25mL de tampão salina fosfato (PBS). Trinta minutos após o desafio, o grupo G1 recebeu 0,25mL de (PBS) ID, e os grupos G2 e G3 receberam 25mg de ácido etilenodiamino tetra-acético (EDTA), dissolvidos em mL de PBS por via intramuscular (IM) e intravenosa (IV), respectivamente. Foram avaliados lesão local e perfil sanguíneo de todos os animais, antes – tempo zero, e à uma, às duas, três, quatro, cinco, seis, 12, 18 e 24 horas após a injeção do veneno. Tanto os animais tratados com PBS (G1) como os animais tratados com EDTA IV (G3) apresentaram aumento do estímulo nociceptivo no local da administração do veneno, seguido por moderado edema, que perdurou por 24h. Os animais tratados com EDTA IM (G2) somente manifestaram aumento do estímulo nociceptivo local uma hora após tratamento e discreto edema local entre 12 e 24 horas. Em relação ao halo hemorrágico, não houve diferença entre os três grupos estudados. No perfil hematológico, observou-se diminuição significativa dos neutrófilos segmentados nos três grupos estudados. Da mesma forma, houve aumento dos triglicerídeos e diminuição da proteína total e albumina em todos os grupos. Conclui-se que a lesão local não foi alterada pelos tratamentos.<br/><br/><br/>Palavras-chave: Rhinocerophis alternatus, envenenamento ofídico, dermonecrose, quelante |
| 650 ## - ASSUNTO - THESAGRO | |
| Cabeçalho tópico ou nome geográfico | COELHO |
| 650 ## - ASSUNTO - THESAGRO | |
| Cabeçalho tópico ou nome geográfico | VENENO |
| 650 ## - ASSUNTO - THESAGRO | |
| Cabeçalho tópico ou nome geográfico | INTOXICAÇÃO |
| 650 ## - ASSUNTO - THESAGRO | |
| Cabeçalho tópico ou nome geográfico | LESÃO |
| 650 ## - ASSUNTO - THESAGRO | |
| Cabeçalho tópico ou nome geográfico | BIOQUÍMICA ANIMAL |
| 650 ## - ASSUNTO - THESAGRO | |
| Cabeçalho tópico ou nome geográfico | VETERINÁRIA |
| 773 0# - ENTRADA ANALÍTICA | |
| Host Biblionumber | 1643 |
| Registro do item | 344677 |
| Imprenta | Belo Horizonte-MG Universidade Federal de Minas Gerais - Escola de Veterinaria 1983 |
| Outro identificador | 2024-5011 |
| Título | Arquivo Brasileiro de Medicina Veterinária e Zootecnia (Brazil) |
| ISSN | 0102-0935 |
| Colação | v. 70(5) p. 1529-1538; (2018) |
| Número de controle de registro | BR2024002732 |
| 856 ## - ACESSO E ENDEREÇO ELETRÔNICO | |
| Identificador uniforme de recurso - URI | https://www.scielo.br/j/abmvz/a/knwzbF6xtcsXTtg38MDtjPG/?format=pdf&lang=en |
Nenhum exemplar disponível.

BINAGRI